000 01393nam a2200277 i 4500
001 000546010
003 AM-YeHGA
005 20250617135749.0
008 070720s1987 ||| r 000 0 rus d
040 _aAM-YeHGA
041 0 _arus
245 0 0 _aОсобенности экологии гидробионтов нижней Лены /
_cД.Л. Венглинский, Т.М. Лабутина, Р.И. Огай и др.; Отв. ред.: Ф.Н. Кириллов; АН СССР, Сиб. отд-ние, Якут. фил., Ин-т биологии.
260 _aЯкутск :
_bЯФ СО АН СССР,
_c1987.
300 _a182 с. :
_b[1] л. ил., ил. ;.
500 _aАвт. указаны на обороте тит. л.
504 _aБиблиогр.: с. 168-181
653 0 _aГидробиологические исследования - Лена, р.
653 0 _aИхтиологические исследования - Лена, р.
653 0 _aЛена, р.
700 1 _aВенглинский, Джон Леонидович
700 1 _aЛабутина, Тамара Митрофановна
700 1 _aОгай, Роза Иннокентьевна
700 1 _aКириллов, Федор Николаевич
_eред.
_4edt
710 2 _aИнститут биологии СО АН СССР.
_bЯкутский филиал
090 _c208214
999 _c206711
_d206711